El remordimiento : (Record no. 14835)
[ view plain ]
| 000 -CABECERA | |
|---|---|
| campo de control de longitud fija | 00680cam a2200217 a 4500 |
| 001 - NÚMERO DE CONTROL | |
| campo de control | 000015269 |
| 005 - FECHA Y HORA DE LA ÚLTIMA TRANSACCIÓN | |
| campo de control | 20250717131055.0 |
| 008 - DATOS DE LONGITUD FIJA--INFORMACIÓN GENERAL | |
| campo de control de longitud fija | 740510s1974 cl 000 0 spa |
| 040 ## - FUENTE DE LA CATALOGACIÓN | |
| Centro catalogador/agencia de origen | DO-SdBNP |
| Lengua de catalogación | spa |
| Centro/agencia transcriptor | BNPHU |
| 082 ## - NÚMERO DE LA CLASIFICACIÓN DECIMAL DEWEY | |
| Número de clasificación | 241 |
| Número de documento/Ítem | G643r, 1974 |
| 100 1# - ENTRADA PRINCIPAL--NOMBRE DE PERSONA | |
| Nombre de persona | González, Fernando, |
| Fechas asociadas al nombre | 1895-1964 |
| 9 (RLIN) | 23069 |
| 245 13 - MENCIÓN DE TÍTULO | |
| Título | El remordimiento : |
| Resto del título | (problemas de teología moral) / |
| Mención de responsabilidad, etc. | Fernando González. |
| 250 ## - MENCIÓN DE EDICIÓN | |
| Mención de edición | 4a ed. |
| 260 ## - PUBLICACIÓN, DISTRIBUCIÓN, ETC. | |
| Lugar de publicación, distribución, etc. | Medellín : |
| Nombre del editor, distribuidor, etc. | Bedout, |
| Fecha de publicación, distribución, etc. | 1974. |
| 300 ## - DESCRIPCIÓN FÍSICA | |
| Extensión | 126 p. ; |
| Dimensiones | 19 cm. |
| 490 1# - MENCIÓN DE SERIE | |
| Mención de serie | Bolsilibros bedout |
| Designación de volumen o secuencia | 115 |
| 650 #4 - PUNTO DE ACCESO ADICIONAL DE MATERIA--TÉRMINO DE MATERIA | |
| Término de materia o nombre geográfico como elemento de entrada | Moral bíblica |
| 9 (RLIN) | 34545 |
| 650 #4 - PUNTO DE ACCESO ADICIONAL DE MATERIA--TÉRMINO DE MATERIA | |
| Término de materia o nombre geográfico como elemento de entrada | Ética cristiana |
| 9 (RLIN) | 389 |
| 650 #0 - PUNTO DE ACCESO ADICIONAL DE MATERIA--TÉRMINO DE MATERIA | |
| Término de materia o nombre geográfico como elemento de entrada | Educación religiosa |
| 9 (RLIN) | 682 |
| 830 #0 - PUNTO DE ACCESO ADICIONAL DE SERIE-TÍTULO UNIFORME | |
| Título uniforme | Bolsilibros bedout ; |
| Designación de volumen o secuencia | 115 |
| 9 (RLIN) | 3750 |
| Estado de retiro | Estado de pérdida | Restricciones de uso | No para préstamo | Código de colección | Localización permanente | Ubicación/localización actual | Ubicación en estantería | Fecha de adquisición | Número de inventario | Total de préstamos | Signatura topográfica completa | Código de barras | Fecha visto por última vez | Precio válido a partir de | Tipo de ítem Koha |
|---|---|---|---|---|---|---|---|---|---|---|---|---|---|---|---|
| Préstamo interno | Monografías: Libros y Folletos | General | General | En catalogación | 03.02.2010 | LF1 | 241 G643r, 1974 | 15269-10 | 25.06.2020 | 25.06.2020 | Préstamo interno |
